<?xml version="1.0" encoding="UTF-8"?><?xml-stylesheet type="text/xsl" href="static/style.xsl"?><OAI-PMH xmlns="http://www.openarchives.org/OAI/2.0/" xmlns:xsi="http://www.w3.org/2001/XMLSchema-instance" xsi:schemaLocation="http://www.openarchives.org/OAI/2.0/ http://www.openarchives.org/OAI/2.0/OAI-PMH.xsd"><responseDate>2026-06-01T09:16:47Z</responseDate><request verb="GetRecord" identifier="oai:riuma.uma.es:10630/22508" metadataPrefix="marc">https://riuma.uma.es/rest/oai/request</request><GetRecord><record><header><identifier>oai:riuma.uma.es:10630/22508</identifier><datestamp>2026-02-03T12:21:22Z</datestamp><setSpec>com_10630_2254</setSpec><setSpec>col_10630_37959</setSpec></header><metadata><record xmlns="http://www.loc.gov/MARC21/slim" xmlns:dcterms="http://purl.org/dc/terms/" xmlns:doc="http://www.lyncode.com/xoai" xmlns:xsi="http://www.w3.org/2001/XMLSchema-instance" xsi:schemaLocation="http://www.loc.gov/MARC21/slim http://www.loc.gov/standards/marcxml/schema/MARC21slim.xsd">
   <leader>00925njm 22002777a 4500</leader>
   <datafield ind2=" " ind1=" " tag="042">
      <subfield code="a">dc</subfield>
   </datafield>
   <datafield ind2=" " ind1=" " tag="720">
      <subfield code="a">Pérez-Rufi, José Patricio</subfield>
      <subfield code="e">author</subfield>
   </datafield>
   <datafield ind2=" " ind1=" " tag="720">
      <subfield code="a">Castro-Higueras, Antonio</subfield>
      <subfield code="e">author</subfield>
   </datafield>
   <datafield ind2=" " ind1=" " tag="260">
      <subfield code="c">2021</subfield>
   </datafield>
   <datafield ind2=" " ind1=" " tag="520">
      <subfield code="a">Esta investigación propone un análisis prospectivo y un análisis de contenido de los canales de YouTube con base en España con mayor número de seguidores previstos para el año 2026 según SocialBlade. Planteamos dos objetivos: en primer lugar, identificar cuáles serán los canales de YouTube en España que liderarán el ranking de los 25 con mayor número de suscriptores en el año 2026; en segundo lugar, analizar los modelos de producción de los canales llamados a ser los más destacados en el futuro, a fin de reconocer las tendencias de mayor proyección. Proponemos la aplicación de un diseño metodológico basado en el estudio prospectivo, como método capaz de procurar previsiones y anticipar perspectivas de futuro, a fin de lograr una muestra sobre la que aplicar un análisis de contenido basado en la descripción de creadores y contenidos en YouTube e interpretarlos. El análisis de contenido concluye que los canales con mayor demandan ofrecerán una gran uniformidad en sus contenidos, con el youtuber como gestor del canal y con el videojuego como temática prioritaria. Cuestionamos en todo caso algunas proyecciones del algoritmo de SocialBlade, al proyectar hacia el futuro fenómenos de moda.</subfield>
   </datafield>
   <datafield ind1="8" ind2=" " tag="024">
      <subfield code="a">https://hdl.handle.net/10630/22508</subfield>
   </datafield>
   <datafield tag="653" ind2=" " ind1=" ">
      <subfield code="a">Medios sociales</subfield>
   </datafield>
   <datafield ind2="0" ind1="0" tag="245">
      <subfield code="a">Modelos de producción de los canales de YouTube con más suscriptores en España previstos para el año 2026</subfield>
   </datafield>
</record>
</metadata></record></GetRecord></OAI-PMH>